| 000 | 00565nam a22002057a 4500 | ||
|---|---|---|---|
| 003 | Ost | ||
| 005 | 20250721153717.0 | ||
| 008 | 250721b |||||||| |||| 00| 0 eng d | ||
| 020 | _a9781119706427 | ||
| 040 | _cBT-PhCST | ||
| 050 | _a25490 | ||
| 082 |
_222 _a670 _bGRO |
||
| 100 | _aGroover, Mikell P. | ||
| 245 |
_aFundamentals of modern manufacturing : _bmaterials, processes and systems / |
||
| 250 | _a7th ed. | ||
| 260 |
_aSingapore : _bWiley and Sons, _cc2021 |
||
| 300 |
_axvii, 990 p. : _bill. ; _c25 cm. |
||
| 500 | _aIncludes Index. | ||
| 942 |
_2ddc _cMEC |
||
| 999 |
_c10062 _d10062 |
||